Estados contables en moneda constante (Registro nro. 1884)

Detalles MARC
000 -LEADER
fixed length control field 01162 a2200241 4500
001 - CONTROL NUMBER
control field 29479
005 - DATE AND TIME OF LATEST TRANSACTION
control field 20260407155604.0
008 - FIXED-LENGTH DATA ELEMENTS--GENERAL INFORMATION
fixed length control field 260407a1993 arg spa d
003 - CONTROL NUMBER IDENTIFIER
control field AR-UNSa-BCEJYS
040 ## - CATALOGING SOURCE
Original cataloging agency AR-UNSa-BCEJYS
Language of cataloging spa
Transcribing agency AR-UNSa-BCEJYS
080 ## - UNIVERSAL DECIMAL CLASSIFICATION NUMBER
Universal Decimal Classification number 657.23
Common auxiliary subdivision Compensaciones. Correcciones. Ajustes (devaluación monetaria)
020 ## - INTERNATIONAL STANDARD BOOK NUMBER
International Standard Book Number 950-537-144-6
100 1# - MAIN ENTRY--PERSONAL NAME
Personal name Luppi, Hugo Alberto
245 10 - TITLE STATEMENT
Title Estados contables en moneda constante
264 #1 - PRODUCTION, PUBLICATION, DISTRIBUTION, MANUFACTURE, AND COPYRIGHT NOTICE
Place of production, publication, distribution, manufacture Buenos Aires :
Name of producer, publisher, distributor, manufacturer Ediciones Macchi
Date of production, publication, distribution, manufacture, or copyright notice 1993
300 ## - PHYSICAL DESCRIPTION
Extent 349 p.
Dimensions 23 cm.
505 ## - FORMATTED CONTENTS NOTE
Formatted contents note Parte I: ¿A que se tiende en contabilidad? - Parte II: ¿Que problemas origina la inflación en la infromación contable? - Parte III: ¿ Como se fundamenta y en que consiste la reexpresión de estados contables a moeda constante? - Parte IV: Otros aspectos vinculados con la reepxresión de estados contables a moneda constante - Parte V: Aplicaciones practicas -
590 ## - LOCAL NOTE (RLIN)
Local note niveau_biblio:m niveau_hierar:0
700 1# - ADDED ENTRY--PERSONAL NAME
Personal name López Santiso, Horacio
700 1# - ADDED ENTRY--PERSONAL NAME
Personal name Allemand, Alberto Adolfo
856 41 - ELECTRONIC LOCATION AND ACCESS
Uniform Resource Identifier <a href="https://biblioeco.unsa.edu.ar/pmb/images/libros/L65480.jpg">https://biblioeco.unsa.edu.ar/pmb/images/libros/L65480.jpg</a>
Link text Imagen de portada
Electronic format type image/jpeg
942 ## - ADDED ENTRY ELEMENTS (KOHA)
Koha item type
Existencias
Withdrawn status Lost status Damaged status Not for loan Home library Current library Shelving location Date acquired Total checkouts Full call number Barcode Date last seen Price effective from Koha item type
        Biblioteca Prof. Eusebio Cleto del Rey Biblioteca Prof. Eusebio Cleto del Rey   07/04/2026   657.23 L864e L65481 07/04/2026 07/04/2026 Libro
        Biblioteca Prof. Eusebio Cleto del Rey Biblioteca Prof. Eusebio Cleto del Rey   07/04/2026   657.23 L864e L53162 07/04/2026 07/04/2026 Libro
        Biblioteca Prof. Eusebio Cleto del Rey Biblioteca Prof. Eusebio Cleto del Rey   07/04/2026   657.23 L864e L65480 07/04/2026 07/04/2026 Libro